Reunión sobre industrialización de productos lácteos : 11 y 12 de noviembre de 1982.

Guardado en:
Formato: Libro
Idioma:Spanish
Publicado: Buenos Aires : SUBCYT, 1983.
Etiquetas: Agregar Etiqueta
Sin Etiquetas, Sea el primero en etiquetar este registro!
LEADER 00487nam a22001335a 4500
001 EEA.libagro003708
005 20190520113933.0
008 130809s1983####ag############000#0#spa#d
082 0 4 |a 637 
245 1 0 |a Reunión sobre industrialización de productos lácteos :  |b 11 y 12 de noviembre de 1982. 
260 |a Buenos Aires :  |b SUBCYT,  |c 1983. 
300 |a 84 p. ;  |c 29 cm. 
500 |a Programa Nacional de Investigaciones en Tecnología de Alimentos. 
859 |a AR-BbBCA  |b BIB. AGRONOMIA  |h 637  |i A691  |p 1988/0945